[Event "BL2-Nord 1819"]
[Site "Germany"]
[Date "2019.02.23"]
[Round "7.8"]
[White "Miljkovic, Jovana"]
[Black "Groetzbach, Julian"]
[Result "1/2-1/2"]
[WhiteElo "2009"]
[BlackElo "2247"]
[PlyCount "69"]
[EventDate "2018.11.10"]
[EventType "team-tourn"]
[EventRounds "10"]
[EventCountry "GER"]
[SourceTitle "CBM 190 Extra"]
[Source "ChessBase"]
[SourceDate "2019.07.15"]
[SourceVersion "1"]
[SourceVersionDate "2019.07.15"]
[SourceQuality "1"]
[WhiteTeam "Lingen"]
[BlackTeam "Hamburger SK II"]
[WhiteTeamCountry "GER"]
[BlackTeamCountry "GER"]

1. Nf3 d5 2. d4 Nf6 3. c4 e6 4. g3 Bb4+ 5. Bd2 Be7 6. Bg2 0-0 7. 0-0 c6 8. Qc2 Nbd7 9. Bf4 Ne4 10. Nc3 g5 11. Bc1 f5 12. b3 b6 13. Bb2 Qe8 14. Ne5 Nxe5 15. dxe5 Bd7 16. Nxe4 fxe4 17. f3 Bc5+ 18. Kh1 exf3 19. Bxf3 Qe7 20. Bg4 Rxf1+ 21. Rxf1 Rf8 22. Rf6 d4 23. Rf3 Rxf3 24. Bxf3 Qf7 25. Qe4 Qf5 26. Kg2 Kf7 27. g4 Qxe4 28. Bxe4 h6 29. Kf1 Kg7 30. a3 Bf8 31. Kf2 Kf7 32. Kf3 c5 33. e3 dxe3 34. Kxe3 Be8 35. Bc3 1/2-1/2

[Event "GER-chT U20 Girls"]
[Site "Osnabrueck"]
[Date "2018.12.30"]
[Round "7.1"]
[White "Simon, Tessa"]
[Black "Miljkovic, Jovana"]
[Result "0-1"]
[WhiteElo "1929"]
[BlackElo "1993"]
[PlyCount "78"]
[EventDate "2018.12.27"]
[EventType "team-swiss"]
[EventRounds "7"]
[EventCountry "GER"]
[SourceTitle "CBM 188 Extra"]
[Source "ChessBase"]
[SourceDate "2019.02.26"]
[SourceVersion "1"]
[SourceVersionDate "2019.02.26"]
[SourceQuality "1"]
[WhiteTeam "Muldental Wilkau Hasslau"]
[BlackTeam "Lingen"]
[WhiteTeamCountry "GER"]
[BlackTeamCountry "GER"]

1. e4 c5 2. Nf3 d6 3. d4 cxd4 4. Nxd4 Nf6 5. Nc3 a6 6. f3 e6 7. Be3 b5 8. Qd2 Bb7 9. g4 Nfd7 10. Nb3 Nc6 11. 0-0-0 Rc8 12. Kb1 Nce5 13. Qg2 Nb6 14. f4 Ned7 15. Bd3 Rxc3 16. bxc3 Na4 17. Bd4 Qc7 18. c4 bxc4 19. Bxc4 Qxc4 20. Rhe1 Ndc5 21. Nxc5 dxc5 22. Ba1 Qb4+ 23. Kc1 Qa3+ 24. Kd2 c4 25. Re3 Bb4+ 26. Ke2 Qxa2 27. Kf1 0-0 28. Be5 c3 29. f5 f6 30. Bg3 Bc5 31. Re2 Bc6 32. Qf3 Bb5 33. Kg2 Bxe2 34. Qxe2 Nb6 35. h4 Nc4 36. Bf2 Bxf2 37. Kxf2 Ne5 38. Kg3 exf5 39. exf5 Qc4 0-1

[Event "GER-chT U20 Girls"]
[Site "Osnabrueck"]
[Date "2018.12.29"]
[Round "5.1"]
[White "Wiesner, Paula"]
[Black "Miljkovic, Jovana"]
[Result "0-1"]
[WhiteElo "1966"]
[BlackElo "1993"]
[PlyCount "50"]
[EventDate "2018.12.27"]
[EventType "team-swiss"]
[EventRounds "7"]
[EventCountry "GER"]
[SourceTitle "CBM 188 Extra"]
[Source "ChessBase"]
[SourceDate "2019.02.26"]
[SourceVersion "1"]
[SourceVersionDate "2019.02.26"]
[SourceQuality "1"]
[WhiteTeam "Lichtenberg Borussia"]
[BlackTeam "Lingen"]
[WhiteTeamCountry "GER"]
[BlackTeamCountry "GER"]

1. d4 Nf6 2. c4 e6 3. Nc3 Bb4 4. e3 0-0 5. Nge2 c6 6. a3 Ba5 7. b4 Bc7 8. Ng3 d6 9. Bb2 a5 10. Bd3 Nbd7 11. 0-0 e5 12. Qc2 Re8 13. Rad1 exd4 14. exd4 d5 15. cxd5 cxd5 16. Nb5 Bb8 17. bxa5 Rxa5 18. Bc3 Ra6 19. Bb4 Nf8 20. Nf5 Rc6 21. Qb3 Ne4 22. Ne3 Bxh2+ 23. Kxh2 Qh4+ 24. Kg1 Rh6 25. Rfe1 Qh1# 0-1

[Event "GER-chT U20 Girls"]
[Site "Osnabrueck"]
[Date "2018.12.28"]
[Round "4.1"]
[White "Rosmait, Emily"]
[Black "Miljkovic, Jovana"]
[Result "1-0"]
[WhiteElo "1911"]
[BlackElo "1993"]
[PlyCount "109"]
[EventDate "2018.12.27"]
[EventType "team-swiss"]
[EventRounds "7"]
[EventCountry "GER"]
[SourceTitle "CBM 188 Extra"]
[Source "ChessBase"]
[SourceDate "2019.02.26"]
[SourceVersion "1"]
[SourceVersionDate "2019.02.26"]
[SourceQuality "1"]
[WhiteTeam "Harksheide"]
[BlackTeam "Lingen"]
[WhiteTeamCountry "GER"]
[BlackTeamCountry "GER"]

1. e4 c5 2. Nf3 d6 3. Bb5+ Nd7 4. 0-0 Ngf6 5. Re1 a6 6. Bf1 e6 7. c4 Be7 8. d4 e5 9. d5 Nf8 10. Nc3 Ng6 11. a3 0-0 12. b4 b6 13. Rb1 Bg4 14. h3 Bc8 15. Be3 Nd7 16. Qc2 Nh4 17. Nxh4 Bxh4 18. Ne2 Qf6 19. Ng3 Bxg3 20. fxg3 Qg6 21. g4 Nf6 22. Bd3 h5 23. bxc5 bxc5 24. Rb6 Rd8 25. g5 Nd7 26. Rb2 f6 27. h4 fxg5 28. Bxg5 Rf8 29. Qd2 Nf6 30. Rb6 Ne8 31. Bc2 Bd7 32. Bd1 Ra7 33. Bf3 Bg4 34. Bxg4 hxg4 35. Qe2 Qh5 36. Reb1 a5 37. Rf1 Rxf1+ 38. Qxf1 g3 39. Qe1 Rf7 40. Rb3 Rf2 41. Rxg3 Re2 42. Qf1 Rxe4 43. Rf3 Qg6 44. Rf8+ Kh7 45. Qb1 Nf6 46. Bxf6 Rg4 47. Qxg6+ Kxg6 48. Be7 Rxc4 49. Bxd6 Rd4 50. Bxe5 Rxd5 51. Bc3 Rd3 52. Rf3 Rd1+ 53. Kh2 a4 54. Rf4 Rd3 55. Rc4 1-0

[Event "BL2 West 1819 (Women)"]
[Site "Germany"]
[Date "2018.12.09"]
[Round "5.2"]
[White "Bork, Sophie"]
[Black "Miljkovic, Jovana"]
[Result "0-1"]
[WhiteElo "1859"]
[BlackElo "1993"]
[PlyCount "100"]
[EventDate "2018.10.27"]
[EventType "team-tourn"]
[EventRounds "7"]
[EventCountry "GER"]
[SourceTitle "CBM 190 Extra"]
[Source "ChessBase"]
[SourceDate "2019.07.15"]
[SourceVersion "1"]
[SourceVersionDate "2019.07.15"]
[SourceQuality "1"]
[WhiteTeam "Paderborn Blauer Springer (W)"]
[BlackTeam "Steinfurt (W)"]
[WhiteTeamCountry "GER"]
[BlackTeamCountry "GER"]

1. e4 c5 2. c3 Nf6 3. e5 Nd5 4. Nf3 g6 5. Bc4 Nb6 6. Bb3 Bg7 7. d4 cxd4 8. cxd4 0-0 9. 0-0 Nc6 10. Nc3 d6 11. exd6 Qxd6 12. Nb5 Qd8 13. d5 Na5 14. d6 exd6 15. Nxd6 Nxb3 16. axb3 Bg4 17. Nc4 Nxc4 18. Qxd8 Rfxd8 19. bxc4 Rd3 20. Be3 a6 21. h3 Bxf3 22. gxf3 Bxb2 23. Rab1 Bd4 24. Bxd4 Rxd4 25. Rxb7 Rxc4 26. Rd1 a5 27. Rdd7 Rf4 28. Kg2 Rf5 29. Ra7 Rxa7 30. Rxa7 Kg7 31. Ra6 Kf8 32. Kg3 Ke7 33. Kg4 h5+ 34. Kg3 Kd7 35. Ra7+ Kc6 36. Kg2 Kb6 37. Ra8 Kb5 38. Rb8+ Kc4 39. Ra8 Kb3 40. Rb8+ Kc4 41. Rc8+ Rc5 42. Ra8 Kb4 43. Ra7 a4 44. Rxf7 a3 45. Rb7+ Rb5 46. Re7 a2 47. Re4+ Ka3 48. Re3+ Rb3 49. Re1 Rb1 50. Re3+ Kb4 0-1

[Event "BL2 West 1819 (Women)"]
[Site "Germany"]
[Date "2018.11.17"]
[Round "3.3"]
[White "Mundt, Alexandra"]
[Black "Miljkovic, Jovana"]
[Result "1/2-1/2"]
[WhiteElo "1674"]
[BlackElo "2009"]
[PlyCount "61"]
[EventDate "2018.10.27"]
[EventType "team-tourn"]
[EventRounds "7"]
[EventCountry "GER"]
[SourceTitle "CBM 190 Extra"]
[Source "ChessBase"]
[SourceDate "2019.07.15"]
[SourceVersion "1"]
[SourceVersionDate "2019.07.15"]
[SourceQuality "1"]
[WhiteTeam "Luebeck (W)"]
[BlackTeam "Steinfurt (W)"]
[WhiteTeamCountry "GER"]
[BlackTeamCountry "GER"]

1. e4 c5 2. c3 Nf6 3. e5 Nd5 4. Bc4 Nb6 5. Bb3 c4 6. Bc2 Nc6 7. Nf3 g6 8. 0-0 Bg7 9. Re1 0-0 10. b3 d6 11. exd6 exd6 12. Ba3 Qf6 13. Qe2 cxb3 14. axb3 Bd7 15. d4 Rae8 16. Qd1 Rxe1+ 17. Nxe1 Nd5 18. Ra2 Re8 19. Bb2 Qe7 20. Nf3 Bh6 21. Nbd2 Bg5 22. Qf1 Nf4 23. h3 Bc8 24. Ra1 d5 25. Ba3 Ne2+ 26. Kh1 Qd8 27. Bb2 Qe7 28. Ba3 Qd8 29. Bb2 Qe7 30. Ba3 Qd8 31. Bb2 1/2-1/2

[Event "Hamburg CC Easter op 4th"]
[Site "Hamburg"]
[Date "2018.04.02"]
[Round "7"]
[White "Kuberczyk, Christoph"]
[Black "Miljkovic, Jovana"]
[Result "1-0"]
[WhiteElo "2223"]
[BlackElo "1904"]
[PlyCount "67"]
[EventDate "2018.03.30"]
[EventType "swiss"]
[EventRounds "7"]
[EventCountry "GER"]
[SourceTitle "CBM 183 Extra"]
[Source "ChessBase"]
[SourceDate "2018.04.19"]
[SourceVersion "1"]
[SourceVersionDate "2018.04.19"]
[SourceQuality "1"]

1. d4 Nf6 2. c4 e6 3. Nf3 d5 4. g3 dxc4 5. Bg2 a6 6. 0-0 Nc6 7. Nc3 Rb8 8. e4 b5 9. Re1 Be7 10. d5 exd5 11. e5 Ng4 12. Nd4 Nxd4 13. Qxd4 c6 14. h3 Nxf2 15. Qxf2 0-0 16. Be3 Be6 17. b3 f6 18. Ba7 Rb7 19. Qe3 Qd7 20. Bc5 Bxc5 21. Qxc5 fxe5 22. Rxe5 b4 23. Rae1 bxc3 24. Rxe6 c2 25. Rxc6 Rb5 26. Qd6 Qa7+ 27. Kh2 Qf2 28. Qe6+ Kh8 29. Rc8 Rb8 30. Rxb8 Rxb8 31. Qe8+ Qf8 32. Qxf8+ Rxf8 33. bxc4 Rb8 34. Rc1 1-0

[Event "GER-chT U20 Girls"]
[Site "Duesseldorf"]
[Date "2017.12.29"]
[Round "5.1"]
[White "Miljkovic, Jovana"]
[Black "Sherif, Amina"]
[Result "1-0"]
[WhiteElo "1869"]
[BlackElo "2007"]
[PlyCount "161"]
[EventDate "2017.12.26"]
[EventType "team-swiss"]
[EventRounds "7"]
[EventCountry "GER"]
[SourceTitle "CBM 182 Extra"]
[Source "ChessBase"]
[SourceDate "2018.02.23"]
[SourceVersion "1"]
[SourceVersionDate "2018.02.23"]
[SourceQuality "1"]
[WhiteTeam "Lingen"]
[BlackTeam "Harksheide"]
[WhiteTeamCountry "GER"]
[BlackTeamCountry "GER"]

1. Nf3 g6 2. e4 Bg7 3. d4 d6 4. c3 Nf6 5. Bd3 c6 6. 0-0 0-0 7. h3 Qc7 8. Re1 e5 9. Na3 Nbd7 10. Be3 Re8 11. Qc2 Nf8 12. Rad1 Be6 13. dxe5 dxe5 14. Nc4 Nh5 15. Bc5 f6 16. Bd6 Qf7 17. b3 Red8 18. Bf1 a5 19. Nb6 a4 20. Nxa4 Nd7 21. Nc5 Nxc5 22. Bxc5 Nf4 23. Bb6 Re8 24. Nd2 g5 25. Nc4 Qg6 26. Nd6 g4 27. Re3 gxh3 28. Rg3 Qh5 29. Nxe8 Rxe8 30. Rd2 hxg2 31. Bxg2 f5 32. Bf3 Qf7 33. Qd1 Kh8 34. exf5 Bxf5 35. Be3 Bf6 36. Bxf4 exf4 37. Bh5 Qc7 38. Rg2 Rf8 39. Bg4 Be4 40. Bf3 Bf5 41. Bg4 Be4 42. f3 Bg6 43. c4 Qe5 44. Qe2 Qc5+ 45. Kh1 Bc3 46. Qf2 Qb4 47. Rd1 Re8 48. Qh4 Qe7 49. Qxe7 Rxe7 50. Rd8+ Kg7 51. Rd7 Kf6 52. Rxe7 Kxe7 53. Re2+ Kd6 54. a3 Bd3 55. Rh2 Ke5 56. Rh5+ Kf6 57. Bc8 b6 58. Bb7 Bc2 59. b4 Bd3 60. Bxc6 Bxc4 61. Rxh7 Bb2 62. a4 Bc3 63. Rb7 Bxb4 64. Rxb6 Ba5 65. Rb8 Ke6 66. Kg2 Kd6 67. Be4 Kc7 68. Rf8 Bd2 69. Rf6 Kb8 70. Rc6 Bf7 71. Ra6 Bc4 72. Rc6 Bf7 73. Rd6 Be3 74. a5 Bc4 75. a6 Ka7 76. Bb7 Kb8 77. Rd8+ Ka7 78. Rd6 Be2 79. Kh3 Bc5 80. Rf6 Be3 81. Kg4 1-0

[Event "SRB-chT (Women)"]
[Site "Novi Sad"]
[Date "2017.09.01"]
[Round "1.1"]
[White "Miljkovic, Jovana"]
[Black "Bojicic, Andjela"]
[Result "1/2-1/2"]
[WhiteElo "1859"]
[BlackElo "2138"]
[PlyCount "82"]
[EventDate "2017.09.01"]
[EventType "team-tourn"]
[EventRounds "11"]
[EventCountry "SRB"]
[SourceTitle "CBM 180 Extra"]
[Source "ChessBase"]
[SourceDate "2017.10.06"]
[SourceVersion "1"]
[SourceVersionDate "2017.10.06"]
[SourceQuality "1"]
[WhiteTeam "Cuprija Radnicki (W)"]
[BlackTeam "Nova Varos Zlatar (W)"]
[WhiteTeamCountry "SRB"]
[BlackTeamCountry "SRB"]

1. Nf3 Nf6 2. c4 g6 3. Nc3 Bg7 4. e4 d6 5. d4 0-0 6. Be2 e5 7. 0-0 Nc6 8. d5 Ne7 9. b4 a5 10. Ba3 axb4 11. Bxb4 Nd7 12. Qc2 Bh6 13. Ne1 f5 14. Nd3 b6 15. a4 fxe4 16. Nxe4 Nf5 17. Qd1 Qh4 18. Bg4 Bg7 19. g3 Qe7 20. Bd2 Nf6 21. Bg5 Qf7 22. Bxf6 Bxf6 23. Kh1 h5 24. Bh3 Qe7 25. Bg2 Nd4 26. Nb4 Bd7 27. Nxf6+ Qxf6 28. f4 Bg4 29. Qe1 Rae8 30. fxe5 Qxe5 31. Rxf8+ Kxf8 32. Qf2+ Nf5 33. Rf1 Kg7 34. Nc6 Qe3 35. Qb2+ Kh6 36. Qf6 Qe2 37. Qf7 Qe3 38. Qf6 Qg5 39. Qf7 Qe3 40. Qf6 Qg5 41. Qf7 Qe3 1/2-1/2

[Event "Paracin Summer op-B 10th"]
[Site "Paracin"]
[Date "2017.07.08"]
[Round "3"]
[White "Hereklioglu, Sude"]
[Black "Miljkovic, Jovana"]
[Result "1-0"]
[WhiteElo "1721"]
[BlackElo "1965"]
[PlyCount "85"]
[EventDate "2017.07.07"]
[EventType "swiss"]
[EventRounds "9"]
[EventCountry "SRB"]
[SourceTitle "EXT 2020"]
[Source "ChessBase"]
[SourceDate "2019.10.17"]
[SourceVersion "1"]
[SourceVersionDate "2019.10.17"]
[SourceQuality "1"]

1. e4 c5 2. Nf3 d6 3. Bb5+ Nd7 4. 0-0 Ngf6 5. Nc3 e5 6. d3 Be7 7. a4 0-0 8. h3 Nb8 9. Nh2 Be6 10. f4 exf4 11. Bxf4 d5 12. exd5 Nxd5 13. Nxd5 Bxd5 14. Ng4 Bg5 15. Qd2 Bxf4 16. Qxf4 Nc6 17. c3 Ne7 18. Ne3 Ng6 19. Qf5 Ne7 20. Qh5 a6 21. Nxd5 Qxd5 22. Qxd5 Nxd5 23. Bc4 Ne3 24. Rf4 Rad8 25. a5 Nxc4 26. Rxc4 Rxd3 27. Rxc5 Rd2 28. b4 Re8 29. Kf1 g6 30. Re1 Rxe1+ 31. Kxe1 Rxg2 32. Rc7 Rg3 33. c4 Rxh3 34. Rxb7 Rc3 35. b5 axb5 36. cxb5 h5 37. a6 Ra3 38. a7 Kg7 39. b6 h4 40. Kf2 h3 41. Rb8 h2 42. Kg2 Rh3 43. Kh1 1-0

[Event "SRB-ch U20 Girls"]
[Site "Belgrade"]
[Date "2017.05.02"]
[Round "8"]
[White "Bojicic, Andjela"]
[Black "Miljkovic, Jovana"]
[Result "1-0"]
[WhiteElo "2166"]
[BlackElo "2054"]
[PlyCount "41"]
[EventDate "2017.04.28"]
[EventType "tourn"]
[EventRounds "9"]
[EventCountry "SRB"]
[SourceTitle "CBM 178 Extra"]
[Source "ChessBase"]
[SourceDate "2017.06.22"]
[SourceVersion "1"]
[SourceVersionDate "2017.06.22"]
[SourceQuality "1"]

1. d4 Nf6 2. c4 e6 3. a3 c5 4. d5 exd5 5. cxd5 d6 6. Nc3 Be7 7. Nf3 Bg4 8. e4 0-0 9. Be2 Bxf3 10. Bxf3 Nbd7 11. 0-0 a6 12. a4 Rb8 13. Be2 b5 14. axb5 axb5 15. Nxb5 Nxe4 16. Na7 Qb6 17. Nc6 Rbe8 18. Ra6 Qb7 19. Ra7 Qb6 20. Rxd7 Bh4 21. g3 1-0

[Event "SRB-ch U20 Girls"]
[Site "Belgrade"]
[Date "2017.05.02"]
[Round "7"]
[White "Miljkovic, Jovana"]
[Black "Stanimirovic, Marija"]
[Result "1/2-1/2"]
[WhiteElo "2054"]
[BlackElo "2014"]
[PlyCount "108"]
[EventDate "2017.04.28"]
[EventType "tourn"]
[EventRounds "9"]
[EventCountry "SRB"]
[SourceTitle "CBM 178 Extra"]
[Source "ChessBase"]
[SourceDate "2017.06.22"]
[SourceVersion "1"]
[SourceVersionDate "2017.06.22"]
[SourceQuality "1"]

1. Nf3 g6 2. c4 c5 3. Nc3 Bg7 4. e3 Nc6 5. d4 cxd4 6. exd4 d6 7. h3 e5 8. dxe5 dxe5 9. Qxd8+ Nxd8 10. Nb5 Ne6 11. Ng5 Ke7 12. Bd2 Nxg5 13. Bxg5+ Bf6 14. Be3 b6 15. c5 e4 16. Rc1 Bxb2 17. Rc2 Be5 18. cxb6 axb6 19. Bxb6 Be6 20. a3 f5 21. Nc7 Rb8 22. Bc5+ Kf7 23. Nxe6 Kxe6 24. Bc4+ Kf6 25. Ke2 Ne7 26. Rd1 Rhd8 27. Rxd8 Rxd8 28. Bb5 Nd5 29. Kf1 Nc3 30. Be2 f4 31. Bb4 Nd5 32. Rc6+ Kg7 33. Re6 Bf6 34. Rxe4 Nxb4 35. Rxb4 Rd4 36. Rb3 Bh4 37. g3 Bf6 38. Bb5 Bd8 39. a4 Ba5 40. Rd3 Rxd3 41. Bxd3 fxg3 42. fxg3 Kf6 43. Ke2 Ke5 44. Kf3 Bd2 45. h4 Be1 46. Bc4 h6 47. Bd3 g5 48. Kg4 gxh4 49. Kxh4 Bd2 50. g4 Kd4 51. Bf5 Ke5 52. Kh5 Kd6 53. a5 Bxa5 54. Kxh6 Bd2+ 1/2-1/2

[Event "SRB-ch U18 Girls"]
[Site "Kragujevac"]
[Date "2017.04.16"]
[Round "9"]
[White "Radulov, Nevena"]
[Black "Miljkovic, Jovana"]
[Result "1/2-1/2"]
[WhiteElo "1734"]
[BlackElo "2054"]
[PlyCount "77"]
[EventDate "2017.04.11"]
[EventType "tourn"]
[EventRounds "10"]
[EventCountry "SRB"]
[SourceTitle "EXT 2019"]
[Source "ChessBase"]
[SourceDate "2018.10.10"]
[SourceVersion "1"]
[SourceVersionDate "2018.10.10"]
[SourceQuality "1"]

1. c4 c5 2. Nf3 Nc6 3. Nc3 g6 4. g3 Bg7 5. Bg2 e5 6. d3 d6 7. 0-0 Nge7 8. Nd5 Nxd5 9. cxd5 Ne7 10. e4 0-0 11. Nd2 g5 12. Nc4 b5 13. Na3 b4 14. Nc4 h6 15. f4 f6 16. f5 Qc7 17. a3 Rb8 18. axb4 Rxb4 19. Bd2 Rb7 20. Qg4 Bd7 21. Rf3 Be8 22. Rf2 Nc8 23. Qe2 Nb6 24. Na5 Rb8 25. b3 Nc8 26. Kh1 Qb6 27. Rff1 Bb5 28. Nc4 Qc7 29. Rfb1 Nb6 30. Ne3 Be8 31. Bf3 Qf7 32. Ng2 Kh8 33. h4 Kh7 34. Kh2 Rg8 35. h5 Bf8 36. g4 Rg7 37. Ne3 Qc7 38. Nc4 Nxc4 39. dxc4 1/2-1/2

[Event "SRB-ch U18 Girls"]
[Site "Kragujevac"]
[Date "2017.04.13"]
[Round "4"]
[White "Miljkovic, Jovana"]
[Black "Radulov, Nevena"]
[Result "1-0"]
[WhiteElo "2054"]
[BlackElo "1734"]
[PlyCount "95"]
[EventDate "2017.04.11"]
[EventType "tourn"]
[EventRounds "10"]
[EventCountry "SRB"]
[SourceTitle "EXT 2019"]
[Source "ChessBase"]
[SourceDate "2018.10.10"]
[SourceVersion "1"]
[SourceVersionDate "2018.10.10"]
[SourceQuality "1"]

1. d4 Nf6 2. c4 g6 3. Nc3 Bg7 4. e4 d6 5. Nf3 0-0 6. Be2 e5 7. 0-0 Nc6 8. d5 Ne7 9. b4 Nd7 10. a4 a6 11. Ba3 b6 12. Qc2 h6 13. a5 bxa5 14. bxa5 Kh7 15. Na4 f5 16. Nd2 fxe4 17. Nxe4 Nf5 18. Bd3 Nd4 19. Qd1 Nf6 20. Rb1 Nxe4 21. Bxe4 Bf5 22. Nc3 Qg5 23. Bc1 Qe7 24. f3 Rab8 25. Be3 Bxe4 26. Nxe4 Nf5 27. Bf2 Nd4 28. Qd3 Qd7 29. Qa3 Nc2 30. Qa2 Nd4 31. Kh1 Qf5 32. Bg1 Qh5 33. Ng3 Qg5 34. Qa4 Qe7 35. Rb4 Rxb4 36. Qxb4 Qd7 37. Qb7 Qc8 38. Rb1 Qxb7 39. Rxb7 Rc8 40. Ra7 Nc2 41. Rxa6 Na3 42. Rc6 Ra8 43. a6 Rc8 44. a7 Nc2 45. Bb6 Nb4 46. Rxc7 Ra8 47. h4 Na6 48. Rd7 1-0

[Event "SRB-chT3 East CS"]
[Site "Kladovo"]
[Date "2016.10.15"]
[Round "10.15"]
[White "Miljkovic, Jovana"]
[Black "Floricelovic, Milos"]
[Result "1/2-1/2"]
[WhiteElo "2018"]
[BlackElo "1953"]
[PlyCount "41"]
[EventDate "2016.09.04"]
[EventType "team-tourn"]
[EventRounds "11"]
[EventCountry "SRB"]
[SourceTitle "EXT 2021"]
[Source "ChessBase"]
[SourceDate "2020.10.23"]
[SourceVersion "1"]
[SourceVersionDate "2020.10.23"]
[SourceQuality "1"]

1. d4 Nf6 2. c4 c5 3. d5 e5 4. Nc3 d6 5. e4 g6 6. g3 Bg7 7. Bg2 0-0 8. Nge2 a6 9. 0-0 Nbd7 10. Bh3 Nb6 11. Bxc8 Qxc8 12. b3 Qh3 13. f3 Nh5 14. Rf2 f5 15. Qf1 Qxf1+ 16. Rxf1 Rf7 17. Bd2 Raf8 18. Kg2 Nd7 19. Rab1 Nhf6 20. h3 h5 21. Rbc1 1/2-1/2

[Event "SRB-chT3 East CS"]
[Site "Kladovo"]
[Date "2016.10.15"]
[Round "9.25"]
[White "Radulovic, Sasa"]
[Black "Miljkovic, Jovana"]
[Result "1/2-1/2"]
[WhiteElo "1944"]
[BlackElo "2018"]
[PlyCount "79"]
[EventDate "2016.09.04"]
[EventType "team-tourn"]
[EventRounds "11"]
[EventCountry "SRB"]
[SourceTitle "EXT 2021"]
[Source "ChessBase"]
[SourceDate "2020.10.23"]
[SourceVersion "1"]
[SourceVersionDate "2020.10.23"]
[SourceQuality "1"]

1. d4 Nf6 2. c4 e6 3. a3 c5 4. dxc5 Bxc5 5. e3 0-0 6. Bd3 Be7 7. Nf3 b6 8. 0-0 Bb7 9. b3 d5 10. Nbd2 dxc4 11. Bxc4 Nbd7 12. Bb2 Rc8 13. Rc1 Nd5 14. Bxd5 Rxc1 15. Qxc1 Bxd5 16. b4 Qc8 17. Ne5 Nxe5 18. Bxe5 f6 19. Bb2 Bd6 20. Qxc8 Rxc8 21. Rc1 Rxc1+ 22. Bxc1 Kf7 23. e4 Ba2 24. g3 e5 25. f3 Ke6 26. Kf2 Kd7 27. Ke3 Kc6 28. Kd3 Kb5 29. Kc3 Be6 30. g4 a5 31. bxa5 bxa5 32. h4 Ka4 33. Nc4 Bxc4 34. Kxc4 Bxa3 35. Be3 Bb4 36. Bc1 Be1 37. h5 Bh4 38. f4 Bg3 39. fxe5 Bxe5 40. g5 1/2-1/2

[Event "SRB-chT (Women)"]
[Site "Kragujevac"]
[Date "2016.09.28"]
[Round "7.2"]
[White "Maksimovic, Suzana"]
[Black "Miljkovic, Jovana"]
[Result "1-0"]
[WhiteElo "2148"]
[BlackElo "2018"]
[PlyCount "77"]
[EventDate "2016.09.22"]
[EventType "team-tourn"]
[EventRounds "11"]
[EventCountry "SRB"]
[SourceTitle "CBM 174 Extra"]
[Source "ChessBase"]
[SourceDate "2016.10.10"]
[SourceVersion "1"]
[SourceVersionDate "2016.10.10"]
[SourceQuality "1"]
[WhiteTeam "Jugovic (W)"]
[BlackTeam "Cuprija Radnicki (W)"]
[WhiteTeamCountry "SRB"]
[BlackTeamCountry "SRB"]

1. d4 Nf6 2. Nf3 e6 3. e3 d5 4. Bd3 Be7 5. 0-0 0-0 6. b3 b6 7. Bb2 Ba6 8. c4 Nbd7 9. Nbd2 c5 10. Ne5 Nxe5 11. dxe5 Nd7 12. Qc2 dxc4 13. Bxh7+ Kh8 14. Nxc4 b5 15. Nd6 Bxd6 16. f4 Bb7 17. exd6 f5 18. Bg6 Qh4 19. Qf2 Qh6 20. Qg3 Nf6 21. Qg5 Qxg5 22. fxg5 Ne4 23. h4 Kg8 24. d7 Rfd8 25. Rfd1 Bc6 26. Be8 a5 27. g6 Kf8 28. Rd3 Ra7 29. Rad1 b4 30. Be5 Bb5 31. Bd6+ Nxd6 32. Rxd6 Ke7 33. h5 Bxd7 34. Rxd7+ Raxd7 35. Rxd7+ Rxd7 36. Bxd7 Kxd7 37. h6 c4 38. bxc4 a4 39. hxg7 1-0

[Event "SRB-chT (Women)"]
[Site "Kragujevac"]
[Date "2016.09.22"]
[Round "1.5"]
[White "Petrenko, Svetlana"]
[Black "Miljkovic, Jovana"]
[Result "1-0"]
[WhiteElo "2176"]
[BlackElo "2018"]
[PlyCount "65"]
[EventDate "2016.09.22"]
[EventType "team-tourn"]
[EventRounds "11"]
[EventCountry "SRB"]
[SourceTitle "CBM 174 Extra"]
[Source "ChessBase"]
[SourceDate "2016.10.10"]
[SourceVersion "1"]
[SourceVersionDate "2016.10.10"]
[SourceQuality "1"]
[WhiteTeam "Belgrade Radnicki (W)"]
[BlackTeam "Cuprija Radnicki (W)"]
[WhiteTeamCountry "SRB"]
[BlackTeamCountry "SRB"]

1. e4 c5 2. Nf3 d6 3. d4 cxd4 4. Nxd4 Nf6 5. Nc3 a6 6. Be2 e5 7. Nf3 h6 8. a4 Be7 9. 0-0 0-0 10. h3 Be6 11. Re1 Nbd7 12. Bf1 Rc8 13. g3 Qc7 14. Nh4 Rfe8 15. Nf5 Bf8 16. g4 Kh7 17. Ne3 Qa5 18. Bd2 Qb6 19. Qc1 g6 20. a5 Qd8 21. Bg2 b6 22. axb6 Qxb6 23. b3 Rc6 24. Ncd5 Bxd5 25. exd5 Rc5 26. Qa3 Ra8 27. Bb4 Rcc8 28. Nc4 Qb8 29. Bxd6 Bxd6 30. Qxd6 Qxd6 31. Nxd6 Rc7 32. Nxf7 Rf8 33. Nxe5 1-0

[Event "EU-ch U18 Girls 26th"]
[Site "Prague"]
[Date "2016.08.27"]
[Round "9"]
[White "Chanturia, Ani"]
[Black "Miljkovic, Jovana"]
[Result "0-1"]
[WhiteElo "1737"]
[BlackElo "2024"]
[PlyCount "82"]
[EventDate "2016.08.18"]
[EventType "swiss"]
[EventRounds "9"]
[EventCountry "CZE"]
[SourceTitle "CBM 174 Extra"]
[Source "ChessBase"]
[SourceDate "2016.10.10"]
[SourceVersion "1"]
[SourceVersionDate "2016.10.10"]
[SourceQuality "1"]

1. e4 c5 2. Nf3 d6 3. Bb5+ Nd7 4. c4 Ngf6 5. Nc3 g6 6. d4 cxd4 7. Nxd4 Bg7 8. 0-0 0-0 9. Bxd7 Bxd7 10. b3 Rc8 11. Bb2 Qa5 12. Qd3 Rfe8 13. Kh1 Qh5 14. f3 Bh6 15. Bc1 Bxc1 16. Raxc1 Qh6 17. Rfd1 Nh5 18. Qd2 Qxd2 19. Rxd2 Nf6 20. Rcd1 a6 21. Nde2 Rc5 22. Nd5 Nxd5 23. Rxd5 Rxd5 24. Rxd5 Rc8 25. Rd1 b5 26. cxb5 axb5 27. Rc1 Rxc1+ 28. Nxc1 f5 29. Ne2 Kf7 30. Kg1 fxe4 31. fxe4 Kf6 32. Kf2 Ke5 33. Ke3 Bc6 34. Ng3 e6 35. Kf3 d5 36. exd5 Bxd5+ 37. Kf2 b4 38. Nf1 Kd4 39. Ne3 Kc3 40. g3 Kb2 41. Nc4+ Kxa2 0-1